000 00331pab a2200145 454500
008 180718b1988 xxu||||| |||| 00| 0 eng d
100 _aKull, Donald C.
245 _aThe ullimate third - party government
260 _c1988
300 _a57-8
362 _aSpring
650 _aGovernment
773 _aBureaucrat
909 _a9076
999 _c9076
_d9076